Modern Day Countries of the Japanese Empire Shape Quiz - Statistics

General Stats
  • This quiz has been taken 80 times
  • The average score is 21 of 27
Answer Stats
Picture Answer % Correct
Japan
98%
China
97%
Russia
95%
Thailand
95%
North Korea
87%
Singapore
85%
United States
85%
Taiwan
84%
Brunei
82%
Indonesia
82%
Vietnam
82%
Australia
80%
India
80%
Solomon Islands
79%
Myanmar
77%
Papua New Guinea
77%
Philippines
77%
Laos
75%
South Korea
75%
Malaysia
72%
Marshall Islands
70%
East Timor
67%
Cambodia
66%
Nauru
62%
Palau
62%
F.S. Micronesia
56%
Kiribati
54%
No matching quizzes found
Score Distribution
Percent of People with Each Score
Percentile by Number Answered
Your Score History
You have not taken this quiz